[Event "Copenhagen Chess Challenge 2009"]
[Site "Ballerup"]
[Date "2009.??.??"]
[Round "2"]
[White "Janev, Evgeni"]
[Black "Lovik, Lasse Ostebo"]
[Result "1/2-1/2"]
[WhiteElo "2458"]
[BlackElo "2289"]
[PlyCount "71"]
[EventDate "2009.??.??"]
[EventType "swiss"]
[EventRounds "9"]
[EventCountry "DEN"]

1. e4 e5 2. Nf3 Nf6 3. Nc3 Nc6 4. a3 Be7 5. d4 exd4 6. Nxd4 O-O 7. Nxc6 dxc6 8.
Bd3 Ng4 9. Bf4 Bd6 10. Qd2 Ne5 11. Bg3 Nxd3+ 12. Qxd3 Bxg3 13. hxg3 Be6 14. Qe3
Qe7 15. Rd1 b6 16. f3 Rad8 17. Kf2 Rd6 18. Rxd6 cxd6 19. g4 Rd8 20. g5 f6 21.
gxf6 Qxf6 22. Rd1 h6 23. Kg1 Bf7 24. a4 d5 25. exd5 Bxd5 26. a5 bxa5 27. Qxa7
Bf7 28. Rxd8+ Qxd8 29. Qc5 Qd2 30. Qe5 Qc1+ 31. Kh2 Qxb2 32. Qxa5 Qxc2 33. Qa8+
Kh7 34. Qxc6 Bd5 35. Qxd5 Qxc3 36. Qf5+ 1/2-1/2

[Event "Copenhagen Chess Challenge 2009"]
[Site "Ballerup"]
[Date "2009.??.??"]
[Round "2"]
[White "Jacobsen, Bo"]
[Black "Ivanov, Mikhail"]
[Result "0-1"]
[WhiteElo "2325"]
[BlackElo "2470"]
[PlyCount "62"]
[EventDate "2009.??.??"]
[EventType "swiss"]
[EventRounds "9"]
[EventCountry "DEN"]

1. c4 c5 2. g3 g6 3. Bg2 Nc6 4. Nc3 Bg7 5. e3 d6 6. Nge2 Nh6 7. O-O O-O 8. d3
Bd7 9. Bd2 Qc8 10. Nf4 Kh8 11. h4 e5 12. Nfd5 Bh3 13. Ne4 Bxg2 14. Kxg2 Qd8 15.
Rb1 f5 16. Ng5 Qd7 17. Rh1 Nf7 18. f4 h5 19. a3 Nh6 20. Qf3 Rae8 21. Bc3 Ng4
22. Rhe1 Ne7 23. Re2 b5 24. Rd1 Nxd5 25. cxd5 b4 26. axb4 cxb4 27. Be1 Qa4 28.
Rc1 Qb3 29. e4 exf4 30. Ne6 fxe4 31. dxe4 Qxf3+ 0-1

[Event "Copenhagen Chess Challenge 2009"]
[Site "Ballerup"]
[Date "2009.??.??"]
[Round "2"]
[White "Picard, Romain"]
[Black "Grandelius, Nils"]
[Result "0-1"]
[WhiteElo "2339"]
[BlackElo "2491"]
[PlyCount "46"]
[EventDate "2009.??.??"]
[EventType "swiss"]
[EventRounds "9"]
[EventCountry "DEN"]

1. e4 c5 2. Nf3 d6 3. d4 Nf6 4. Nc3 cxd4 5. Nxd4 a6 6. Be2 e6 7. a4 Be7 8. O-O
O-O 9. f4 Qc7 10. Kh1 Nc6 11. Be3 Re8 12. Bf3 Na5 13. Bg1 e5 14. Nde2 b6 15. h3
Bb7 16. Qe1 Rac8 17. Bh2 Nc4 18. Qc1 Bf8 19. b3 Na5 20. Qd2 Qc5 21. Qd3 Nc6 22.
Bg1 Qa5 23. f5 Nb4 0-1

[Event "Copenhagen Chess Challenge 2009"]
[Site "Ballerup"]
[Date "2009.??.??"]
[Round "2"]
[White "Rusev, Krasimir"]
[Black "Feuerstack, Aljoscha"]
[Result "1-0"]
[WhiteElo "2498"]
[BlackElo "2345"]
[PlyCount "58"]
[EventDate "2009.??.??"]
[EventType "swiss"]
[EventRounds "9"]
[EventCountry "DEN"]

1. d4 d5 2. c4 c6 3. cxd5 cxd5 4. Nf3 Nf6 5. Nc3 Nc6 6. Bf4 Ne4 7. e3 Nxc3 8.
bxc3 g6 9. Ne5 Nxe5 10. Bxe5 f6 11. Bg3 Qa5 12. Qb3 Bd7 13. Be2 e6 14. O-O b5
15. e4 Rc8 16. exd5 Rxc3 17. Qd1 exd5 18. Bg4 Be7 19. Re1 Qd8 20. Qd2 Rc6 21.
Bf3 Be6 22. Rab1 a6 23. a4 b4 24. Qa2 Bf7 25. Rxb4 O-O 26. Rb7 Re8 27. h4 Kg7
28. Qb3 Rc4 29. Ra7 Rb4 1-0

[Event "Copenhagen Chess Challenge 2009"]
[Site "Ballerup"]
[Date "2009.??.??"]
[Round "2"]
[White "Schmidt, Horst Hubert"]
[Black "Gandrud, Vegar Koi"]
[Result "0-1"]
[WhiteElo "1837"]
[BlackElo "2124"]
[PlyCount "74"]
[EventDate "2009.??.??"]
[EventType "swiss"]
[EventRounds "9"]
[EventCountry "DEN"]

1. d4 d5 2. Nf3 e6 3. Bg5 Be7 4. Qd2 Nd7 5. Nc3 Ngf6 6. e3 c5 7. Bb5 O-O 8. O-O
a6 9. Bxd7 Bxd7 10. Ne5 h6 11. Bxf6 Bxf6 12. Nxd7 Qxd7 13. dxc5 Qc6 14. Rab1
Qxc5 15. Ne2 Qc4 16. b3 Qc5 17. Rfc1 Rfd8 18. c3 Rac8 19. Qe1 Qa5 20. Rc2 b5
21. Qc1 Rc7 22. c4 bxc4 23. bxc4 Rdc8 24. c5 Rxc5 25. Rxc5 Rxc5 26. Rb8+ Kh7
27. Qb1+ g6 28. g3 Be5 29. Rb7 Kg7 30. h4 Qd2 31. h5 Rc2 32. hxg6 Qxe2 33.
Rxf7+ Kxg6 34. Qb7 Rc1+ 35. Kg2 Qf1+ 36. Kf3 Qh1+ 37. Ke2 Qd1# 0-1

[Event "Copenhagen Chess Challenge 2009"]
[Site "Ballerup"]
[Date "2009.??.??"]
[Round "3"]
[White "Rasmussen, Allan Stig"]
[Black "Tikkanen, Hans"]
[Result "1-0"]
[WhiteElo "2501"]
[BlackElo "2425"]
[PlyCount "101"]
[EventDate "2009.??.??"]
[EventType "swiss"]
[EventRounds "9"]
[EventCountry "DEN"]

1. e4 d5 2. exd5 Nf6 3. d4 Nxd5 4. Nf3 Bg4 5. Be2 Nc6 6. c4 Nb6 7. d5 Bxf3 8.
gxf3 Ne5 9. f4 Ng6 10. Nc3 e6 11. dxe6 fxe6 12. Qc2 Qf6 13. Ne4 Bb4+ 14. Kf1
Qf5 15. h3 Nh4 16. Bd3 Qh5 17. Be2 Qf5 18. Bd3 Qh5 19. Ng3 Qf7 20. c5 Nd7 21.
Be3 c6 22. Qc4 Ba5 23. Ne4 Nf5 24. Ng5 Nxe3+ 25. fxe3 Qe7 26. Nxe6 Nf8 27. Bf5
g6 28. Bg4 h5 29. Nxf8 Rxf8 30. Bf3 Qxe3 31. Kg2 Rxf4 32. Qe2 Qxe2+ 33. Bxe2
O-O-O 34. Rad1 Re8 35. Bd3 Re5 36. Kg3 Rf6 37. Rhf1 Rg5+ 38. Kh2 Bc7+ 39. Kh1
Rxf1+ 40. Rxf1 Rg3 41. Rf8+ Kd7 42. Rf7+ Ke6 43. Bc4+ Ke5 44. Kh2 Kd4 45. Rxc7
h4 46. Bf1 Kxc5 47. Rxb7 a5 48. Ra7 Rf3 49. Kg2 Rg3+ 50. Kf2 Kb4 51. Re7 1-0

[Event "Copenhagen Chess Challenge 2009"]
[Site "Ballerup"]
[Date "2009.??.??"]
[Round "3"]
[White "Grandelius, Nils"]
[Black "Smith, Axel"]
[Result "1-0"]
[WhiteElo "2491"]
[BlackElo "2383"]
[PlyCount "59"]
[EventDate "2009.??.??"]
[EventType "swiss"]
[EventRounds "9"]
[EventCountry "DEN"]

1. Nf3 d5 2. d4 Nc6 3. c4 e5 4. dxe5 d4 5. a3 Be6 6. Nbd2 Nge7 7. Nb3 Nf5 8.
Qd3 a5 9. Bf4 a4 10. Nbd2 h6 11. h4 g6 12. Ne4 Be7 13. Rd1 Nxh4 14. Nxh4 Bxh4
15. e3 Bg4 16. Be2 Bxe2 17. Kxe2 dxe3 18. Qxe3 Qe7 19. g3 g5 20. Nf6+ Kf8 21.
Rxh4 gxf4 22. gxf4 Rd8 23. Rd5 h5 24. Rxh5 Rxh5 25. Nxh5 Rxd5 26. cxd5 Na5 27.
Qa7 Nc4 28. Qb8+ Qe8 29. Qxb7 Qe7 30. Qb8+ 1-0

[Event "Copenhagen Chess Challenge 2009"]
[Site "Ballerup"]
[Date "2009.??.??"]
[Round "3"]
[White "Semcesen, Daniel"]
[Black "Danielsen, Henrik"]
[Result "1/2-1/2"]
[WhiteElo "2387"]
[BlackElo "2482"]
[PlyCount "111"]
[EventDate "2009.??.??"]
[EventType "swiss"]
[EventRounds "9"]
[EventCountry "DEN"]

1. c4 d6 2. g3 e5 3. Bg2 f5 4. Nc3 Nf6 5. d3 Be7 6. e4 fxe4 7. dxe4 O-O 8. Nge2
Qe8 9. Nd5 Nxd5 10. cxd5 Qh5 11. Nc3 Qxd1+ 12. Nxd1 c6 13. Nc3 Nd7 14. O-O Nf6
15. dxc6 bxc6 16. b3 Ba6 17. Rd1 Ng4 18. f3 Nh6 19. Ba3 Nf7 20. Bf1 Bxf1 21.
Rxf1 Bd8 22. Rad1 Bb6+ 23. Kg2 Bd4 24. Ne2 c5 25. Nxd4 cxd4 26. Rc1 Rfc8 27.
Kf2 Kf8 28. f4 Ke8 29. Ke2 a5 30. Rxc8+ Rxc8 31. Rc1 Rxc1 32. Bxc1 Nd8 33. Kd3
Kd7 34. Bd2 Nb7 35. Kc4 Kc6 36. b4 axb4 37. Bxb4 Nd8 38. f5 Nf7 39. Bd2 h6 40.
h4 h5 41. a4 Nd8 42. a5 Nb7 43. a6 Nc5 44. a7 Kb7 45. Kd5 Kxa7 46. Kxd6 Nxe4+
47. Kxe5 Nxd2 48. Kxd4 Nf1 49. Ke5 Nxg3 50. Kf4 Ne2+ 51. Kg5 Ng3 52. Kf4 Ne2+
53. Kg5 Nd4 54. Kxh5 Nxf5 55. Kg6 Nxh4+ 56. Kxg7 1/2-1/2

[Event "Copenhagen Chess Challenge 2009"]
[Site "Ballerup"]
[Date "2009.??.??"]
[Round "3"]
[White "Lund, Silas"]
[Black "Veng, Johny"]
[Result "1-0"]
[WhiteElo "2430"]
[BlackElo "2240"]
[PlyCount "53"]
[EventDate "2009.??.??"]
[EventType "swiss"]
[EventRounds "9"]
[EventCountry "DEN"]

1. d4 Nf6 2. c4 g6 3. Nc3 Bg7 4. Nf3 O-O 5. Bg5 d6 6. e3 c5 7. d5 h6 8. Bh4 Bf5
9. Bd3 Bxd3 10. Qxd3 Na6 11. O-O Nc7 12. Nd2 Qd7 13. f4 e6 14. Bxf6 Bxf6 15.
Nde4 Bg7 16. dxe6 Nxe6 17. Qxd6 Qxd6 18. Nxd6 Rfd8 19. Rad1 Nd4 20. Nxb7 Rdb8
21. Nxc5 Nc2 22. Nd5 Rxb2 23. f5 Re8 24. Nd7 Rxe3 25. f6 Bh8 26. Ne7+ Kh7 27.
Nf8# 1-0

[Event "Copenhagen Chess Challenge 2009"]
[Site "Ballerup"]
[Date "2009.??.??"]
[Round "3"]
[White "Holmsgaard, Henrik"]
[Black "Grabarczyk, Miroslaw"]
[Result "0-1"]
[WhiteElo "2330"]
[BlackElo "2469"]
[PlyCount "108"]
[EventDate "2009.??.??"]
[EventType "swiss"]
[EventRounds "9"]
[EventCountry "DEN"]

1. e4 e5 2. Bc4 Nc6 3. Nc3 Nf6 4. d3 Na5 5. Qf3 d6 6. Nge2 Be7 7. a4 Nxc4 8.
dxc4 O-O 9. O-O c6 10. Rd1 Bg4 11. Qd3 Nd7 12. f3 Be6 13. Ng3 g6 14. Bh6 Re8
15. Be3 Nc5 16. Qe2 Qb6 17. b3 a5 18. Kh1 Rad8 19. Rd2 Qc7 20. Rad1 Bf6 21. Qf2
Qe7 22. Nce2 Bc8 23. Nc1 Bg7 24. Nd3 b6 25. Nxc5 dxc5 26. Rd3 Rxd3 27. Rxd3 Rd8
28. Qd2 Rxd3 29. Qxd3 h5 30. Ne2 f5 31. Nc3 f4 32. Bc1 g5 33. Ne2 g4 34. Ng1
Be6 35. Bb2 Kf7 36. Bc3 Qd7 37. Be1 Bf6 38. Bc3 Qc7 39. Be1 Ke7 40. Bf2 Qd6 41.
Be1 Qd4 42. Qxd4 cxd4 43. Ne2 h4 44. Nc1 h3 45. Nd3 c5 46. Bf2 Kf7 47. Ne1 Kg6
48. gxh3 gxf3 49. Nxf3 Bxh3 50. Kg1 Kh5 51. Be1 Kg4 52. Kf2 Kh5 53. Bd2 Bd7 54.
Bc1 Bc6 0-1

[Event "Copenhagen Chess Challenge 2009"]
[Site "Ballerup"]
[Date "2009.??.??"]
[Round "3"]
[White "Christensen, Bo Garner"]
[Black "Bekker Jensen, Simon"]
[Result "0-1"]
[WhiteElo "2240"]
[BlackElo "2411"]
[PlyCount "84"]
[EventDate "2009.??.??"]
[EventType "swiss"]
[EventRounds "9"]
[EventCountry "DEN"]

1. e4 c5 2. Nf3 d6 3. d4 Nf6 4. Nc3 cxd4 5. Nxd4 a6 6. Bg5 e6 7. f4 Be7 8. Qf3
Qc7 9. O-O-O Nbd7 10. Bd3 h6 11. Qh3 b5 12. Rhe1 b4 13. Nd5 exd5 14. exd5 Nb6
15. Bf5 Nfxd5 16. Rd2 Kd8 17. Bxe7+ Nxe7 18. Bxc8 Nbxc8 19. Qh4 Qc5 20. Re5 Qc7
21. f5 Rg8 22. Qh5 Rf8 23. Qf3 Ra7 24. f6 gxf6 25. Qxf6 Qd7 26. Ne6+ fxe6 27.
Qxf8+ Kc7 28. Qxh6 dxe5 29. Rxd7+ Kxd7 30. Qe3 Kd6 31. g4 Nd5 32. Qd3 Rg7 33.
Qxa6+ Ncb6 34. Qe2 Nf4 35. Qf3 Nbd5 36. h4 e4 37. Qd1 e3 38. g5 e2 39. Qe1 e5
40. Kd2 e4 41. Qg3 Ke5 42. h5 Rd7 0-1

[Event "Copenhagen Chess Challenge 2009"]
[Site "Ballerup"]
[Date "2009.??.??"]
[Round "3"]
[White "Jorgensen, Kasper Moller"]
[Black "Haubro, Martin"]
[Result "1-0"]
[WhiteElo "1999"]
[BlackElo "1809"]
[PlyCount "57"]
[EventDate "2009.??.??"]
[EventType "swiss"]
[EventRounds "9"]
[EventCountry "DEN"]

1. e4 e5 2. Nf3 d6 3. d4 exd4 4. Nxd4 Nf6 5. Nc3 Be7 6. Bb5+ c6 7. Bc4 Nxe4 8.
Nxe4 d5 9. Bd3 dxe4 10. Bxe4 Bf6 11. c3 Qe7 12. O-O O-O 13. Re1 Qc7 14. Qf3
Bxd4 15. cxd4 Nd7 16. Bg5 Qa5 17. Be7 Re8 18. Bxh7+ Kxh7 19. Qxf7 Nf6 20. Re5
Rxe7 21. Qxe7 Qd2 22. Qd8 Qxb2 23. Rae1 Qb6 24. Qf8 Qxd4 25. Rg5 Qd7 26. h3 Nd5
27. Re4 Kh6 28. Reg4 Qxg4 29. Qxg7# 1-0

[Event "Copenhagen Chess Challenge 2009"]
[Site "Ballerup"]
[Date "2009.??.??"]
[Round "3"]
[White "Jorgensen, Dennis"]
[Black "Sahl, Bjarke"]
[Result "0-1"]
[WhiteElo "2197"]
[BlackElo "2366"]
[PlyCount "89"]
[EventDate "2009.??.??"]
[EventType "swiss"]
[EventRounds "9"]
[EventCountry "DEN"]

1. d4 d5 2. Nf3 Nf6 3. c4 e6 4. g3 Bb4+ 5. Bd2 a5 6. Bg2 O-O 7. O-O dxc4 8. Qc2
b5 9. Ne5 Ra6 10. Rd1 Be7 11. Be1 a4 12. Nc3 Qe8 13. e3 c6 14. h3 Nfd7 15. f4
Nxe5 16. fxe5 f6 17. exf6 gxf6 18. e4 Qg6 19. a3 Nd7 20. Qe2 Bd8 21. g4 Bb7 22.
Bg3 Bb6 23. Kh2 Raa8 24. d5 Ne5 25. dxc6 Bxc6 26. Rd6 Qe8 27. Rf1 Bc7 28. Bxe5
fxe5 29. Rxf8+ Kxf8 30. Rd1 Qe7 31. Rf1+ Kg7 32. Qe3 Rf8 33. Rxf8 Kxf8 34. Qh6+
Kg8 35. Nd5 Bxd5 36. exd5 e4+ 37. Kh1 exd5 38. Qc6 Qd6 39. Qe8+ Kg7 40. Kg1 b4
41. Qxa4 c3 42. axb4 cxb2 43. Qc2 Bb6+ 44. Kh1 Qxb4 45. Kh2 0-1

[Event "Copenhagen Chess Challenge 2009"]
[Site "Ballerup"]
[Date "2009.??.??"]
[Round "3"]
[White "Schmidt, Tommy B"]
[Black "Matthiesen, Arne"]
[Result "1/2-1/2"]
[WhiteElo "2167"]
[BlackElo "2349"]
[PlyCount "39"]
[EventDate "2009.??.??"]
[EventType "swiss"]
[EventRounds "9"]
[EventCountry "DEN"]

1. d4 d5 2. c4 c6 3. Nf3 Nf6 4. e3 e6 5. b3 Nbd7 6. Bb2 Be7 7. Bd3 b6 8. O-O
Bb7 9. Nc3 O-O 10. Qe2 h6 11. e4 Nxe4 12. Nxe4 dxe4 13. Qxe4 Nf6 14. Qe2 c5 15.
Rad1 Qc7 16. dxc5 bxc5 17. Ne5 Rad8 18. Bb1 Rxd1 19. Rxd1 Rd8 20. Rxd8+ 1/2-1/2

[Event "Copenhagen Chess Challenge 2009"]
[Site "Ballerup"]
[Date "2009.??.??"]
[Round "3"]
[White "Feuerstack, Aljoscha"]
[Black "Rossen, Claus"]
[Result "0-1"]
[WhiteElo "2345"]
[BlackElo "2134"]
[PlyCount "82"]
[EventDate "2009.??.??"]
[EventType "swiss"]
[EventRounds "9"]
[EventCountry "DEN"]

1. e4 e5 2. Bc4 Nf6 3. d3 Nc6 4. Nc3 Bb4 5. Nge2 d5 6. exd5 Nxd5 7. O-O Nb6 8.
Bb3 O-O 9. a3 Be7 10. f4 Bg4 11. fxe5 Nxe5 12. Bf4 Nc6 13. Qd2 Nd4 14. Nxd4
Qxd4+ 15. Kh1 Qd7 16. Qf2 c6 17. Be3 Be6 18. Bxb6 Bxb3 19. Be3 Be6 20. Bxa7 Bf6
21. Bc5 Bxc3 22. bxc3 Rfe8 23. Qg3 Ra4 24. Bd4 f5 25. Rae1 Ra5 26. Rf3 g6 27.
Rfe3 f4 28. Qxf4 Rf5 29. Qh4 c5 30. Be5 Bd5 31. h3 Rh5 32. Qxh5 gxh5 33. Rg3+
Kf8 34. Rf1+ Bf7 35. Rxf7+ Kxf7 36. Rg7+ Ke6 37. Rxd7 Kxd7 38. d4 Ke6 39. Bc7
Ra8 40. dxc5 Rxa3 41. Bb6 Rxc3 0-1

[Event "Copenhagen Chess Challenge 2009"]
[Site "Ballerup"]
[Date "2009.??.??"]
[Round "3"]
[White "Peschardt, Soren"]
[Black "Jacobsen, Bo"]
[Result "0-1"]
[WhiteElo "2104"]
[BlackElo "2325"]
[PlyCount "124"]
[EventDate "2009.??.??"]
[EventType "swiss"]
[EventRounds "9"]
[EventCountry "DEN"]

1. d4 Nf6 2. Nf3 g6 3. g3 Bg7 4. Bg2 O-O 5. O-O d6 6. c4 Nc6 7. Nc3 Bf5 8. Re1
Ne4 9. Nh4 Nxc3 10. bxc3 Bc8 11. e4 e5 12. Be3 Qe7 13. d5 Na5 14. Bf1 b6 15.
Rb1 c5 16. Bd3 f5 17. f3 f4 18. Bd2 Ba6 19. Qe2 Rf7 20. Ng2 fxg3 21. hxg3 Qd7
22. Ne3 Raf8 23. Rf1 Qh3 24. Be1 Bh6 25. Ng4 Bg5 26. Rb2 h5 27. Qd1 hxg4 28.
Rh2 Be3+ 29. Kh1 Qxh2+ 30. Kxh2 gxf3 31. Bf2 Bg5 32. Rh1 Bxc4 33. Kg1 b5 34.
Qf1 Bxd3 35. Qxd3 Nc4 36. Qf1 Rh7 37. Rxh7 Kxh7 38. Qh3+ Kg7 39. Qd7+ Rf7 40.
Qxb5 Nd2 41. Qd3 c4 42. Qc2 Rb7 43. Kh2 Kf6 44. Kh3 Rh7+ 45. Kg4 Rh2 46. Qa4
Nxe4 47. Qe8 Nxf2+ 48. Kxf3 e4+ 49. Ke2 Nd3+ 50. Kf1 Rf2+ 51. Kg1 e3 52. Qf8+
Ke5 53. Qe8+ Kxd5 54. Qa8+ Ke6 55. Qe8+ Kf5 56. Qd7+ Ke5 57. Qe8+ Kf5 58. Qd7+
Ke4 59. Qg4+ Bf4 60. Qxg6+ Kf3 61. gxf4 e2 62. Qh5+ Ke3 0-1

[Event "Copenhagen Chess Challenge 2009"]
[Site "Ballerup"]
[Date "2009.??.??"]
[Round "3"]
[White "Nielsen, Leonard De Freitas"]
[Black "Getz, Nicolai"]
[Result "1/2-1/2"]
[WhiteElo "1925"]
[BlackElo "2205"]
[PlyCount "65"]
[EventDate "2009.??.??"]
[EventType "swiss"]
[EventRounds "9"]
[EventCountry "DEN"]

1. e4 c5 2. Nc3 d6 3. g3 g6 4. Bg2 Bg7 5. d3 Nc6 6. Be3 Nf6 7. h3 Bd7 8. Qd2
Nd4 9. Nge2 e5 10. Nd1 O-O 11. c3 Nxe2 12. Qxe2 b5 13. O-O Qc8 14. Kh2 Rb8 15.
Bg5 h6 16. Bxf6 Bxf6 17. Ne3 Be6 18. f4 c4 19. f5 cxd3 20. Qxd3 Bc4 21. Nxc4
bxc4 22. Qxd6 Rb6 23. Qd2 Bg5 24. Qe2 Kg7 25. h4 Bf6 26. Bh3 g5 27. h5 Qc6 28.
Rfd1 Rfb8 29. Rd2 Qc5 30. Bf1 Rc6 31. Rad1 Qb6 32. Qf2 Qb7 33. Qe2 1/2-1/2

[Event "Copenhagen Chess Challenge 2009"]
[Site "Ballerup"]
[Date "2009.??.??"]
[Round "3"]
[White "Petrovski, Petruli"]
[Black "Hvenekilde, Jorgen"]
[Result "0-1"]
[WhiteElo "1772"]
[BlackElo "2184"]
[PlyCount "94"]
[EventDate "2009.??.??"]
[EventType "swiss"]
[EventRounds "9"]
[EventCountry "DEN"]

1. e4 e5 2. Nf3 d6 3. d4 exd4 4. Nxd4 Nf6 5. Nc3 Be7 6. Be2 O-O 7. O-O Re8 8.
Be3 Bf8 9. Bg5 h6 10. Bxf6 Qxf6 11. Nd5 Qd8 12. Bd3 c6 13. Ne3 Nd7 14. Ndf5 g6
15. Ng3 Ne5 16. f4 Qb6 17. fxe5 Qxe3+ 18. Kh1 dxe5 19. Rf3 Qc5 20. Qf1 Be6 21.
b4 Qxb4 22. Rb1 Qe7 23. Nf5 Qc7 24. Rg3 b5 25. Nh4 Kh7 26. Qe2 Qd8 27. Nf3 Bg7
28. c4 a6 29. h4 Ra7 30. cxb5 axb5 31. Rb2 Rd7 32. Rd2 Qa5 33. h5 g5 34. Bb1
Rxd2 35. Nxd2 Rd8 36. Nb3 Qb6 37. Qc2 Bc4 38. Kh2 Rd6 39. Nd2 Be6 40. Nf3 Qd8
41. Qc5 g4 42. Ng1 Qh4+ 43. Nh3 Rd4 44. a3 gxh3 45. Rxg7+ Kxg7 46. Qxe5+ Qf6
47. Qg3+ Qg5 0-1

[Event "Copenhagen Chess Challenge 2009"]
[Site "Ballerup"]
[Date "2009.??.??"]
[Round "3"]
[White "Christensen, Casper"]
[Black "Lauritsen, Martin Lee"]
[Result "0-1"]
[WhiteElo "1793"]
[BlackElo "2063"]
[PlyCount "144"]
[EventDate "2009.??.??"]
[EventType "swiss"]
[EventRounds "9"]
[EventCountry "DEN"]

1. e4 c5 2. Nf3 d6 3. d4 cxd4 4. Nxd4 Nf6 5. Nc3 a6 6. Be2 e5 7. Nf3 h6 8. b3
Nc6 9. h3 Be6 10. O-O Be7 11. Bb2 O-O 12. a3 Re8 13. Bd3 Bf8 14. Re1 Ne7 15.
Bf1 Qd7 16. Kh2 b5 17. Qd2 Rab8 18. Na2 Ng6 19. g3 Rec8 20. Qe2 a5 21. Nc3 Rc5
22. a4 b4 23. Nb5 Qc6 24. Rac1 Be7 25. Bg2 Bc8 26. Na7 Qc7 27. Nb5 Qb6 28. Qe3
Ba6 29. Bf1 Nh7 30. c4 Ng5 31. h4 Ne6 32. Red1 Rcc8 33. Qxb6 Rxb6 34. Re1 Ngf8
35. Bh3 Rd8 36. Rcd1 Bb7 37. Re3 Bc6 38. Bc1 Rb7 39. Rde1 Nc5 40. Nd2 Nfe6 41.
Bb2 g5 42. Nf3 f6 43. Kh1 Rdd7 44. Kh2 Kf7 45. Bg4 Bd8 46. Nd2 Bb6 47. Rf3 Rd8
48. Bh5+ Kg7 49. Bg4 Be8 50. h5 Kf7 51. Bf5 Ke7 52. g4 Nf4 53. Ba1 Nce6 54.
Bxe6 Kxe6 55. Nf1 Bxb5 56. axb5 Ra7 57. Kg3 a4 58. bxa4 Rxa4 59. Rb3 Ra2 60.
Rb2 Ra3+ 61. Ne3 Nd3 62. Rbe2 Nxe1 63. Rxe1 Bxe3 64. fxe3 Rda8 65. Bb2 Rb3 66.
Bc1 Ra1 67. Kf2 Rbb1 68. b6 Ra6 69. Ke2 Rxb6 70. Kd3 Rb3+ 71. Kc2 Rc3+ 72. Kb2
Rxc4 0-1

[Event "Copenhagen Chess Challenge 2009"]
[Site "Ballerup"]
[Date "2009.??.??"]
[Round "3"]
[White "Knudsen, Jes West"]
[Black "Andersen, Kim Nyvang"]
[Result "1-0"]
[WhiteElo "2019"]
[BlackElo "1914"]
[PlyCount "69"]
[EventDate "2009.??.??"]
[EventType "swiss"]
[EventRounds "9"]
[EventCountry "DEN"]

1. e4 c5 2. b4 cxb4 3. Bb2 d5 4. exd5 Nf6 5. Bb5+ Bd7 6. Bc4 Bf5 7. Bxf6 gxf6
8. d3 Bg7 9. Nd2 O-O 10. a3 bxa3 11. Rxa3 Nd7 12. Ne2 Nb6 13. Ng3 Bg6 14. Qf3
Qd6 15. Ra2 Qe5+ 16. Qe3 Rfd8 17. Qxe5 fxe5 18. Ra5 f5 19. Bb3 Kf8 20. O-O Bh6
21. Nf3 e4 22. Nd4 Bf7 23. Ne6+ Bxe6 24. dxe6 exd3 25. Rxf5+ Kg8 26. cxd3 Rxd3
27. Bc2 Rd2 28. Bb1 a5 29. Rf7 Rf8 30. Rxh7 Bg7 31. Rh4 Rfd8 32. Bh7+ Kf8 33.
Rf4+ Bf6 34. Rg4 Bg7 35. Nh5 1-0

[Event "Copenhagen Chess Challenge 2009"]
[Site "Ballerup"]
[Date "2009.??.??"]
[Round "3"]
[White "Jacobsen, Mads Holger Bang"]
[Black "Nielsen, Thomas (1975)"]
[Result "1-0"]
[WhiteElo "1830"]
[BlackElo "1970"]
[PlyCount "81"]
[EventDate "2009.??.??"]
[EventType "swiss"]
[EventRounds "9"]
[EventCountry "DEN"]

1. d4 d5 2. c4 e6 3. Nc3 c5 4. cxd5 exd5 5. Nf3 Nc6 6. Bf4 Nf6 7. e3 cxd4 8.
Nxd4 a6 9. Be2 Bd6 10. Bxd6 Qxd6 11. O-O O-O 12. Bf3 Ne5 13. h3 b5 14. a3 Be6
15. Qe2 Rac8 16. Rfd1 Qb6 17. Nc2 Rfd8 18. Nb4 Qb7 19. Nd3 Nxf3+ 20. Qxf3 Ne4
21. Ne2 Qe7 22. Nd4 Ng5 23. Qe2 Rc4 24. Ne5 Nxh3+ 25. Kf1 Qc7 26. Nxc4 Qh2 27.
Ke1 Ng1 28. Qf1 dxc4 29. Nxe6 Rxd1+ 30. Rxd1 fxe6 31. Kd2 Qe5 32. Kc2 Qe4+ 33.
Kc1 c3 34. bxc3 Qa4 35. Kb2 Qg4 36. Qxg1 Qe2+ 37. Kb1 Qc4 38. Rd8+ Kf7 39. Qd1
Qxc3 40. Qd7+ Kf6 41. Qd4+ 1-0

[Event "Copenhagen Chess Challenge 2009"]
[Site "Ballerup"]
[Date "2009.??.??"]
[Round "3"]
[White "Nielsen, Poul Bang"]
[Black "Andersen, Daniel"]
[Result "0-1"]
[WhiteElo "1792"]
[BlackElo "1940"]
[PlyCount "59"]
[EventDate "2009.??.??"]
[EventType "swiss"]
[EventRounds "9"]
[EventCountry "DEN"]

1. Nf3 e6 2. g3 f5 3. Bg2 Nf6 4. O-O d5 5. d4 Bd6 6. Bg5 O-O 7. Nbd2 Nbd7 8. c4
c6 9. Rc1 Qe8 10. c5 Bc7 11. b4 Qh5 12. Bxf6 Nxf6 13. a4 f4 14. b5 fxg3 15.
hxg3 Ng4 16. Re1 e5 17. dxe5 Bxe5 18. Nf1 Bd7 19. Nxe5 Nxe5 20. Qd4 Rae8 21. f3
Bh3 22. Qh4 Qxh4 23. gxh4 Bxg2 24. Kxg2 Rf4 25. Kg3 Rxa4 26. bxc6 bxc6 27. Rb1
Rc4 28. Rb7 a5 29. Ne3 Rxc5 30. Nf5 {Olsligt.} 0-1

[Event "Copenhagen Chess Challenge 2009"]
[Site "Ballerup"]
[Date "2009.??.??"]
[Round "3"]
[White "Bejtovic, Jasmin"]
[Black "Janev, Evgeni"]
[Result "0-1"]
[WhiteElo "2306"]
[BlackElo "2458"]
[PlyCount "152"]
[EventDate "2009.??.??"]
[EventType "swiss"]
[EventRounds "9"]
[EventCountry "DEN"]

1. e4 Nf6 2. Nc3 e5 3. Nf3 d6 4. d4 Nbd7 5. Bc4 Be7 6. O-O O-O 7. h3 c6 8. dxe5
dxe5 9. a4 Qc7 10. Qe2 Nc5 11. Rd1 Ne6 12. Be3 b6 13. Nh2 a6 14. Nf1 Re8 15.
Qf3 Rb8 16. Ng3 Nd4 17. Bxd4 exd4 18. Rxd4 b5 19. axb5 axb5 20. Bf1 Bd6 21. Nf5
Be5 22. Rd3 b4 23. Nd1 Nxe4 24. c3 Ng5 25. Qg4 f6 26. Re3 Kh8 27. h4 g6 28.
hxg5 Bxf5 29. Qh4 fxg5 30. Qxg5 Rf8 31. Qh4 bxc3 32. bxc3 Rbd8 33. Nb2 Bf6 34.
Qc4 Rd2 35. Nd3 Bg7 36. Rf3 Qd6 37. Re1 h5 38. Nc5 Kh7 39. Bd3 Bxd3 40. Rxd3
Rxd3 41. Nxd3 Rd8 42. Nf4 Qf6 43. Qe4 Rd6 44. Ne6 Bh6 45. Nd4 Bd2 46. Qe7+ Kh6
47. Qxf6 Rxf6 48. Re6 Rxe6 49. Nxe6 Bxc3 50. Kf1 g5 51. Ke2 Kg6 52. Kd3 Be1 53.
f3 Bf2 54. Ke4 Kf6 55. Nf8 Ba7 56. Nd7+ Ke6 57. Ne5 c5 58. Nc4 Bb8 59. Ne3 Bg3
60. Nc4 Be1 61. Ne3 Bd2 62. Nc4 Bc1 63. Na5 Kd6 64. Nc4+ Kc6 65. Ne5+ Kb5 66.
Kd3 Bf4 67. Nc4 Kb4 68. Nb6 Kb3 69. Nc4 h4 70. Nb6 Kb2 71. Na4+ Kc1 72. Nxc5
Kd1 73. Ne6 Ke1 74. Ke4 Kf2 75. Kf5 Kxg2 76. Kg4 h3 0-1

[Event "Copenhagen Chess Challenge 2009"]
[Site "Ballerup"]
[Date "2009.??.??"]
[Round "3"]
[White "Lovik, Lasse Ostebo"]
[Black "Berg, Klaus"]
[Result "1/2-1/2"]
[WhiteElo "2289"]
[BlackElo "2440"]
[PlyCount "113"]
[EventDate "2009.??.??"]
[EventType "swiss"]
[EventRounds "9"]
[EventCountry "DEN"]

1. d4 g6 2. e4 Bg7 3. Nf3 d6 4. Bd3 Nf6 5. O-O O-O 6. c3 c5 7. h3 Na6 8. Re1
Qc7 9. Bd2 cxd4 10. cxd4 e5 11. Nc3 exd4 12. Nxd4 Nc5 13. Bg5 Nxd3 14. Qxd3 Qc5
15. Be3 Qb4 16. a3 Qa5 17. Ndb5 d5 18. exd5 Bf5 19. Qd2 Ne4 20. Nxe4 Qxb5 21.
Nd6 Qxb2 22. Nxf5 gxf5 23. Qxb2 Bxb2 24. Rab1 Bxa3 25. Rxb7 a5 26. Bf4 Rad8 27.
Re3 Bd6 28. Bh6 Rfe8 29. Rd7 Bf8 30. Rg3+ Kh8 31. Rxd8 Rxd8 32. Bxf8 Rxf8 33.
Ra3 Ra8 34. d6 Kg7 35. d7 Rd8 36. Rxa5 Rxd7 37. Rxf5 Rd1+ 38. Kh2 Rd3 39. g4
Ra3 40. f3 Ra1 41. h4 h6 42. Rb5 Ra4 43. Kg3 Rc4 44. Re5 Ra4 45. Re4 Ra1 46.
Kf4 Rh1 47. h5 Rf1 48. Re3 Kf6 49. Ra3 Rb1 50. Ra4 Rb3 51. Ra6+ Kg7 52. Ra5
Rb4+ 53. Kf5 Rb3 54. f4 Rh3 55. Re5 Rg3 56. Re7 Rh3 57. Ra7 1/2-1/2